NBA Players with Most Technical Fouls - 2024/2025 Season - Statistics

General Stats
  • This quiz has been taken 21 times
  • The average score is 11 of 14
Answer Stats
Hint Answer % Correct
20 (Timberwolves) Anthony Edwards
100%
10 (Pistons) Cade Cunningham
100%
18 (Warriors) Draymond Green
100%
16 (Celtics) Jayson Tatum
100%
16 (Hawks) Trae Young
100%
13 (Grizzlies) Ja Morant
94%
14 (Lakers) Luka Doncic
94%
19 (Rockets) Dillon Brooks
76%
10 (Wizards) Jordan Poole
71%
9 (Knicks) Josh Hart
71%
13 (Magic) Kentavious Caldwell-Pope
71%
15 (Pistons) Isaiah Stewart
65%
9 (Pacers) Andrew Nembhard
53%
9 (Pistons) Malik Beasley
47%
No matching quizzes found
Score Distribution
Percent of People with Each Score
Percentile by Number Answered
Your Score History
You have not taken this quiz